000 00496nam a2200193Ia 4500
008 151121s9999||||xx |||||||||||||| ||und||
082 _a300/ROY
082 _bHNW-35982
100 _aRoy M। N।
245 _aPolitics Power & Parties
260 _b"Renaissance Pub। Pvt Ltd।, Calcutta।"
260 _c--
300 _a216
600 _aRoy M। N।
630 _aPolitics Power & Parties
700 _aRoy M। N।
730 _aPolitics Power & Parties
942 _cBOOK
999 _c1228178
_d1228175